| 000 | 00661nam a22002057a 4500 | ||
|---|---|---|---|
| 999 |
_c7168 _d7168 |
||
| 003 | AR-CdUCM | ||
| 008 | 190320b ||||| |||| 00| 0 spa d | ||
| 040 |
_aMUNICIPALIDAD PROVINCIAL DEL CUSCO _cBIBLIOTECA MUNICIPAL DEL CUSCO |
||
| 082 |
_a869.56 / _bAY93 |
||
| 100 |
_aAyala, José Luis _95471 |
||
| 245 | _aActo de fe / | ||
| 260 |
_aPerú : _bGRAFOS 100 editores, _c1987. |
||
| 300 |
_a85 páginas ; _c20 cm. |
||
| 500 | _aDedicatoria del autor a Gustavo Pérez Ocampo. | ||
| 650 |
_aPoesía peruana - Siglo XX _914083 |
||
| 650 |
_aPoetas peruanos - Puno _914986 |
||
| 650 |
_aJose Luis Ayala - Poemas _920207 |
||
| 942 |
_2ddc _cLIBROS |
||
| 945 | _alccs | ||